00744 2200241 4500001002100000005001700021008004100038020001800079035002400097082001000121090001700131100002700148245012000175250001100295260004100306300002500347500004600372650001600418700002300434850001500457999001500472999001500487YOGYA-0209000003870920090227025408.0 ind  a979-416-076-8 0010-020900000038709 a155.2 a155.2bSch S aSCHREIBER, Flora Rheta aSybilbkisah nyata seorang gadis remaja denan 16 kepribadiancFlora Rheta Schreiber; penerjemah, Sarlito W. Sarwono aCet.12 aJakartabPustaka Sinar Harapanc2005 a493 hlmbilusc21 cm aJudul asli : Sybil, Henry Regnery Company aKepribadian aSarwono, Sarlito W aYOPDYOG(B) a05B0011819 a05B0011820